000 00789nam a2200253 a 4500
001 13839
003 BD-RjUL
005 20211208235525.0
008 170608s1966 enka b 001 0 eng
035 _a(BD-RjUL)13891
040 _aDLC
_cDLC
_dDLC
_dICU
_dBD-RjUL
_beng
041 _aeng
082 0 0 _223
_a621.55
_bPOH 1966
100 1 _aPower, B. D.
_q(Basil Dixon)
_943271
245 1 0 _aHigh vacuum pumping equipment /
_cby B. D. Power.
260 _aNew york :
_bReinhold Publishing co.,
_cc1966.
300 _aiii, xi, 412 p. :
_bill. ;
_c27 cm.
504 _aIncludes bibliographical references and index.
650 0 _aVacuum pumps.
_943273
650 0 _aVacuum technology.
_943274
830 _aHigh vacuum series
_9218466
942 _2ddc
_cBK
999 _c13839
_d13839